| 000 | 00701nam a2200229Ia 4500 | ||
|---|---|---|---|
| 003 | BUBTL | ||
| 008 | 151213s9999 xx 000 0 und d | ||
| 020 | _a81-203-1238-4 | ||
| 082 | _a658.8/ONI | ||
| 100 |
_aSak Onk Visit & John J. Shaw _92609 |
||
| 245 |
_aInternational Marketing Analysis & Strategy. _cSak Onk Visit & John J. Shaw |
||
| 250 | _a3rd | ||
| 260 |
_aNew Delhi _bPrentice hall _c2000 |
||
| 300 |
_a[xviii],750p.: _bGraph, Table;25cm. _cMarketing. |
||
| 500 | _aIncludes index. | ||
| 650 |
_aMarketing _92610 |
||
| 650 |
_aMarketing _92610 |
||
| 700 |
_aSak Onk Visit & John J. Shaw _92609 |
||
| 856 |
_k0 _l0 _yDownload |
||
| 942 |
_2ddc _cBK |
||
| 999 |
_c1139 _d1139 |
||